000 00739cam a22002294a 4500
001 14567331
003 OSt
005 20160511080609.0
008 060925s2008 mauab 001 0 eng
010 _a 2006051688
020 _a971598004x
040 _aDLC
_cDLC
050 _aPN 4271
_b.C227 1996
100 _aCanonigo, C.S.
245 _aO.D.S. operations declamations and speeches :
_bfor various occasions /
_cC.S. Canonigo.
260 _aManila :
_bs.n.,
_c1996.
300 _a197 pages :
_billustrations ;
_c19 cm.
906 _a7
_bcbc
_corignew
_d1
_eocip
_f20
_gy-gencatlg
942 _2lcc
_cBK
999 _c17404
_d17404